Equipos Aleatorios de España - Estadísticas

Estadísticas generales
  • Esta prueba ha sido intentada 114 veces
  • La puntuación promedio es 11 de 20
Estadísticas de respuestas
Jugadores que han pasado por el club Club % Correcto
Negredo, Darwin Núñez, Diego Alves, Ulloa UD Almería
80%
Dibu Martínez, Soldado, Mario, Gabi Getafe CF
77%
Pandiani, Nihat, Coloccini, Guille Franco Villarreal CF
73%
Aranzubía, Domingo Cisma, García Calvo, Camacho Atlético de Madrid
72%
Rivaldo, Abreu, Mista, Arbeloa Deportivo de La Coruña
68%
Saviola, Roque Junior, Demichelis, Nacho Monreal Málaga CF
67%
Makelele, Pinto, De Lucas, Murillo Celta de Vigo
64%
José Mari, Emana, Sergio García, Sergio León Real Betis
63%
Cafú, Rijkaard, Morientes, Esnáider Real Zaragoza
62%
Aranda, Ricardo, Antonio López, Delporte CA Osasuna
54%
Contra, Tamudo, Palermo, Bojan Deportivo Alavés
52%
Heinze, Aduriz, Diego Costa, Ünal Real Valladolid
51%
Hugo Sánchez, Urzaiz, Saúl, Lopetegui Rayo Vallecano
50%
Del Horno, Vicente, Salva Ballesta, Rossi UD Levante
48%
Duscher, Pinillos, Mora, Scaloni Racing de Santander
45%
Trigueros, Tagliafico, Chalkias, Borja Bastón Real Murcia
33%
Cazorla, Sinama Pongolle, Güiza, Uche Recreativo de Huelva
32%
Iván Helguera, Muntari, Amunike, Vaclik Albacete Balompié
27%
Pablo Hernández, Jonathan Soriano, Andone, Krhin CD Castellón
24%
Herrerín, Javi Moreno, Del Moral, Balenziaga CD Numancia
16%
No se encontraron pruebas coincidentes
Distribución de puntuación
Porcentaje de gente con cada puntuación
Porcentaje por número respondido
Historial de tus puntuaciones
No has intentado esta prueba.